Inovácie ako kľúčový indikátor konkurencieschopnosti podnikov

Inovácie sú považované za jeden z kľúčových faktorov konkurencieschopnosti podnikov a ekonomiky. Jedným zo základných indikátorov inovatívnosti krajiny a podnikov je globálny index konkurencieschopnosti (GCI). Na Slovensku napriek prijatiu mnohých dokumentov na podporu inovácií, vedy a výskumu, sa...

Descrizione completa

Salvato in:
Dettagli Bibliografici
Autore principale: Majdúchová, Helena, 1963-
Altri autori: Rybárová, Daniela, 1967-
Natura: Capitolo di libro
Lingua:slovacco
Soggetti:
Tags: Aggiungi Tag
Nessun Tag, puoi essere il primo ad aggiungerne!!

MARC

LEADER 00000nla a2200000 4500
001 0240210
005 20240524073249.7
041 0 |a slo 
044 |a SK 
245 1 0 |a Inovácie ako kľúčový indikátor konkurencieschopnosti podnikov  |c Helena Majdúchová, Daniela Rybárová 
520 |a Inovácie sú považované za jeden z kľúčových faktorov konkurencieschopnosti podnikov a ekonomiky. Jedným zo základných indikátorov inovatívnosti krajiny a podnikov je globálny index konkurencieschopnosti (GCI). Na Slovensku napriek prijatiu mnohých dokumentov na podporu inovácií, vedy a výskumu, sa tieto ciele nedarí naplniť. 
610 2 0 |a podpora inovácií 
610 2 0 |a konkurencieschopnosť 
610 2 0 |a podnik 
610 2 0 |a indexy 
610 2 0 |a vlastníctvo duševné 
610 2 0 |a veda 
610 2 0 |a výskum 
100 1 |a Majdúchová, Helena, 1963- 
700 1 |a Rybárová, Daniela, 1967-